Statistics for Races in Halo

Click here to take the quiz!

General Stats

  • This quiz has been taken 91 times
  • The average score is 11 of 12

Answer Stats

CharacterAnswer% Correct
TartarusJiralhanae
99%
YayapUnggoy
99%
CortanaArtificial Intelligence
97%
Avery JohnsonHuman
96%
Thel 'VadamSangheili
96%
John-117Spartan
96%
GravemindFlood
95%
BokKig-Yar
93%
Prophet of TruthSan'Shyuum
89%
Ogada Nosa FasuMgalekgolo
77%
VergilHuragok
73%
HopalongYanme'e
66%

Score Distribution

Percentile by Number Answered

Percent of People with Each Score

Your Score History

You have not taken this quiz